000 00662nam a2200217 4500
003 OSt
005 20240629034513.0
006 a
008 240629b |||||||| |||| 00| 0 eng d
020 _a9780335229284
040 _aDWCL-Main lib.
_cOC
082 _aCirc. 658.8342 J35c 2010
100 _aJansson-Boyd, Catherine V.
245 _aConsumer psychology /
260 _aEngland:
_bOpen University Press,
_cc2010.
300 _axi,
_b258 p. : ill. ;
_c24 cm.
504 _aIncludes bibliographical references and index.
650 _a1. Consumer behavior-Psychological aspects.
650 _a2. Consumer-Psychology.
942 _2ddc
_n0
_cBK-CIRC
_kCirc.
999 _c1655
_d1655